Car models starting with S by pictures - Statistics

General Stats
  • This quiz has been taken 37 times
  • The average score is 6 of 10
Answer Stats
Picture Hint Answer % Correct
Suzuki Swift
88%
Nissan Skyline GT-R
75%
Kia Soul
75%
Mercedes-Benz SLK-klasse
69%
Toyota Supra
69%
Citroen Saxo
56%
Ford Sierra
56%
Hyundai Sonata
53%
Chevrolet Suburban
50%
Saab Sonett II
22%
No matching quizzes found
Score Distribution
Percent of People with Each Score
Percentile by Number Answered
Your Score History
You have not taken this quiz